US Counties by City - Statistics

General Stats
  • This quiz has been taken 22 times
  • The average score is 16 of 30
Answer Stats
City County % Correct
Chicago Cook
83%
Las Vegas Clark
78%
Houston Harris
78%
Seattle King
78%
Atlanta Fulton
72%
Phoenix Maricopa
67%
Detroit Wayne
67%
Columbus Franklin
61%
Charlotte Mecklenburg
61%
San Jose Santa Clara
61%
Pittsburgh Allegheny
56%
Buffalo Erie
56%
Minneapolis Hennepin
56%
Austin Travis
56%
Cleveland Cuyahoga
50%
Raleigh Wake
50%
San Antonio Bexar
44%
Nashville Davidson
44%
Jacksonville Duval
44%
Louisville Jefferson
44%
Bakersfield Kern
44%
Indianapolis Marion
44%
Tucson Pima
44%
Fort Worth Tarrant
44%
Cincinnati Hamilton
39%
Tampa Hillsborough
39%
Boston Suffolk
39%
Memphis Shelby
33%
Portland Multnomah
28%
Stockton San Joaquin
28%
No matching quizzes found
Score Distribution
Percent of People with Each Score
Percentile by Number Answered
Your Score History
You have not taken this quiz